[Event "GER-chT U20 Girls"]
[Site "Naunhof"]
[Date "2005.12.27"]
[Round "2.3"]
[White "Pantlowsky, Luisa"]
[Black "Lauhoff, Mira"]
[Result "1-0"]
[WhiteElo "973"]
[BlackElo "1333"]
[PlyCount "67"]
[EventDate "2005.12.27"]
[EventType "team-swiss"]
[EventRounds "7"]
[EventCountry "GER"]
[SourceTitle "CBM 110 Extra"]
[Source "ChessBase"]
[SourceDate "2006.03.10"]
[SourceVersion "2"]
[SourceVersionDate "2006.03.10"]
[SourceQuality "1"]

1. e4 e6 2. Nf3 d5 3. exd5 exd5 4. d4 Nf6 5. Nc3 Bb4 6. Bd2 Nc6 7. h3 Be6 8. Bb5 Qd7 9. Ne5 Qd6 10. Bf4 Bxc3+ 11. bxc3 Qa3 12. Nxc6 0-0 13. Ne5 Qxc3+ 14. Kf1 Bf5 15. Rc1 c6 16. Be2 Rfc8 17. Qd2 Qa3 18. c3 Ne4 19. Qe3 Qxa2 20. Bg4 Bxg4 21. hxg4 a5 22. f3 Nd6 23. Qd3 g6 24. Nxg6 fxg6 25. Bxd6 Qc4 26. Qxc4 dxc4 27. Ba3 b5 28. Ke2 Rab8 29. Rb1 Rd8 30. Rhc1 Kf7 31. g3 Kf6 32. Kd2 Ke6 33. Re1+ Kd5 34. Re5# 1-0

[Event "Niedersachsen-ch U14/18 Girls"]
[Site "Rotenburg/Wuemme"]
[Date "2005.03.22"]
[Round "5"]
[White "Lauhoff, Mira"]
[Black "Cassens, Madeline"]
[Result "1-0"]
[WhiteElo "1221"]
[BlackElo "1264"]
[PlyCount "25"]
[EventDate "2005.03.19"]
[EventType "swiss"]
[EventRounds "9"]
[EventCountry "GER"]
[SourceTitle "EXT 2007"]
[Source "ChessBase"]
[SourceDate "2006.11.23"]
[SourceVersion "1"]
[SourceVersionDate "2006.11.23"]
[SourceQuality "1"]

1. e4 e5 2. Nf3 Nc6 3. d4 exd4 4. Nxd4 Bc5 5. Be3 Nf6 6. Nxc6 bxc6 7. Bxc5 d6 8. Bd4 Nxe4 9. Qe2 Qe7 10. f3 Ng5 11. Qxe7+ Kxe7 12. Bxg7 Ne6 13. Bxh8 1-0

[Event "Niedersachsen-ch U14/18 Girls"]
[Site "Rotenburg/Wuemme"]
[Date "2005.03.20"]
[Round "3"]
[White "Hoolt, Rebekka"]
[Black "Lauhoff, Mira"]
[Result "0-1"]
[WhiteElo "957"]
[BlackElo "1221"]
[PlyCount "42"]
[EventDate "2005.03.19"]
[EventType "swiss"]
[EventRounds "9"]
[EventCountry "GER"]
[SourceTitle "EXT 2007"]
[Source "ChessBase"]
[SourceDate "2006.11.23"]
[SourceVersion "1"]
[SourceVersionDate "2006.11.23"]
[SourceQuality "1"]

1. e4 e6 2. d4 d5 3. exd5 exd5 4. Nf3 Nf6 5. Bf4 Be7 6. Be2 0-0 7. 0-0 Bg4 8. Nbd2 Nc6 9. c3 Qd7 10. Ne5 Nxe5 11. Bxe5 Rfe8 12. Bxf6 Bxe2 13. Qxe2 Bxf6 14. Qf3 Re6 15. Nb3 b6 16. Nc1 Rc8 17. b4 c5 18. Rd1 cxb4 19. cxb4 Rc4 20. a3 Rxd4 21. Rxd4 Re1# 0-1

[Event "Bad Zwesten op 9th"]
[Site "Bad Zwesten"]
[Date "2005.01.06"]
[Round "7"]
[White "Lauhoff, Mira"]
[Black "Baisakow, Christine"]
[Result "1/2-1/2"]
[WhiteElo "1126"]
[BlackElo "1249"]
[PlyCount "23"]
[EventDate "2005.01.02"]
[EventType "swiss"]
[EventRounds "9"]
[EventCountry "GER"]
[SourceTitle "CBM 104 Extra"]
[Source "ChessBase"]
[SourceDate "2005.03.01"]
[SourceVersion "1"]
[SourceVersionDate "2005.03.01"]
[SourceQuality "1"]

1. e4 c5 2. Nf3 Nc6 3. d4 cxd4 4. Nxd4 g6 5. Be3 Bg7 6. Nc3 Nf6 7. f3 0-0 8. Qd2 d6 9. 0-0-0 Bd7 10. g4 Ne5 11. Be2 Rc8 12. h4 1/2-1/2

[Event "Bad Zwesten op 9th"]
[Site "Bad Zwesten"]
[Date "2005.01.05"]
[Round "6"]
[White "Fink, Tamino"]
[Black "Lauhoff, Mira"]
[Result "1/2-1/2"]
[WhiteElo "1400"]
[BlackElo "1126"]
[PlyCount "55"]
[EventDate "2005.01.02"]
[EventType "swiss"]
[EventRounds "9"]
[EventCountry "GER"]
[SourceTitle "CBM 104 Extra"]
[Source "ChessBase"]
[SourceDate "2005.03.01"]
[SourceVersion "1"]
[SourceVersionDate "2005.03.01"]
[SourceQuality "1"]

1. d4 d5 2. c4 e6 3. Nc3 Nf6 4. Nf3 Be7 5. Ne5 0-0 6. e3 Nbd7 7. Ng4 b6 8. cxd5 exd5 9. Bd3 Re8 10. Bc2 Nf8 11. Nxf6+ Bxf6 12. 0-0 c6 13. Re1 Be6 14. e4 dxe4 15. Bxe4 Rc8 16. Be3 Bg5 17. Qf3 Bd7 18. d5 cxd5 19. Bxd5 Be6 20. Rad1 Qf6 21. Bxg5 Qxg5 22. Ne4 Bxd5 23. Nxg5 Bxf3 24. Nxf3 Ne6 25. Rd7 Ra8 26. h3 Red8 27. Red1 Kf8 28. Kf1 1/2-1/2

[Event "Bad Zwesten op 9th"]
[Site "Bad Zwesten"]
[Date "2005.01.04"]
[Round "4"]
[White "Lauhoff, Mira"]
[Black "Shkolnik, Anastasia"]
[Result "0-1"]
[WhiteElo "1126"]
[BlackElo "1488"]
[PlyCount "46"]
[EventDate "2005.01.02"]
[EventType "swiss"]
[EventRounds "9"]
[EventCountry "GER"]
[SourceTitle "CBM 104 Extra"]
[Source "ChessBase"]
[SourceDate "2005.03.01"]
[SourceVersion "1"]
[SourceVersionDate "2005.03.01"]
[SourceQuality "1"]

1. e4 c6 2. Nf3 d5 3. exd5 cxd5 4. d4 Bg4 5. Be2 e6 6. Nc3 Nf6 7. 0-0 a6 8. Bf4 Nc6 9. Bg5 Bd6 10. Ne5 Bxe2 11. Qxe2 Nxd4 12. Qd2 Bxe5 13. f4 Bc7 14. Kh1 Nc6 15. Rae1 Qd6 16. a3 0-0-0 17. Rd1 h6 18. Bxf6 gxf6 19. Ne2 Rhg8 20. g3 Bb6 21. c3 d4 22. cxd4 Nxd4 23. Rfe1 Qd5+ 0-1

[Event "Niedersachsen-ch U14"]
[Site "Borkum"]
[Date "2004.04.06"]
[Round "6"]
[White "Hulm, Steven"]
[Black "Lauhoff, Mira"]
[Result "1/2-1/2"]
[WhiteElo "1347"]
[BlackElo "1030"]
[PlyCount "40"]
[EventDate "2004.04.??"]
[EventType "swiss"]
[EventRounds "9"]
[EventCountry "GER"]
[SourceTitle "EXT 2005"]
[Source "ChessBase"]
[SourceDate "2004.11.15"]
[SourceVersion "1"]
[SourceVersionDate "2004.11.15"]
[SourceQuality "1"]

1. e4 e6 2. d4 d5 3. exd5 exd5 4. Nf3 Nf6 5. Bd3 Bd6 6. 0-0 Be6 7. Bg5 Nbd7 8. Re1 Be7 9. Nc3 c6 10. Ne5 Nxe5 11. dxe5 Nd7 12. Bxe7 Qxe7 13. f4 Nc5 14. f5 Nxd3 15. Qxd3 Bd7 16. f6 Qf8 17. Qg3 g6 18. Qh4 Be6 19. Qg5 Qc5+ 20. Kh1 Qf8 1/2-1/2

[Event "Niedersachsen-ch U14"]
[Site "Borkum"]
[Date "2004.04.05"]
[Round "4"]
[White "Ripplinger, Philipp"]
[Black "Lauhoff, Mira"]
[Result "1-0"]
[WhiteElo "1272"]
[BlackElo "1030"]
[PlyCount "85"]
[EventDate "2004.04.??"]
[EventType "swiss"]
[EventRounds "9"]
[EventCountry "GER"]
[SourceTitle "EXT 2005"]
[Source "ChessBase"]
[SourceDate "2004.11.15"]
[SourceVersion "1"]
[SourceVersionDate "2004.11.15"]
[SourceQuality "1"]

1. e4 e6 2. d4 d5 3. exd5 exd5 4. Nc3 Nf6 5. Bd3 Nc6 6. Nge2 Bd6 7. Bg5 Be7 8. Qd2 Be6 9. f3 a6 10. 0-0-0 Qd7 11. Rde1 h6 12. Be3 0-0-0 13. Nf4 Bf5 14. Bf2 Bxd3 15. Qxd3 Rde8 16. Re3 Bd6 17. Nfxd5 Nxd5 18. Nxd5 Rxe3 19. Nxe3 Bf4 20. c3 Ne5 21. Qe2 Ng6 22. g3 Bxe3+ 23. Bxe3 Re8 24. Re1 Qe6 25. b3 Ne7 26. Kd2 Nc6 27. c4 Qe7 28. d5 Ne5 29. Bf2 Ng6 30. Qxe7 Rxe7 31. Rxe7 Nxe7 32. Ke3 Kd7 33. Ke4 Kd6 34. Bd4 f6 35. b4 b6 36. c5+ bxc5 37. Bxc5+ Kd7 38. Bxe7 Kxe7 39. a4 Kd6 40. a5 Kd7 41. Kd4 Kd6 42. b5 axb5 43. a6 1-0